| 000 | 00583nam a2200181 a 4500 | ||
|---|---|---|---|
| 008 | 120416s2001 ||||||||||||||||| || u | ||
| 020 | _a0415251389 | ||
| 050 | _aHG 221 Ste | ||
| 100 | _aSteele, G. R | ||
| 245 | 1 | 0 | _aKeynes and Hayek: the money economy |
| 260 |
_aLondon: _bRoutledge _c2001 |
||
| 350 | _a0.00 | ||
| 650 | _aCAPITALISM | ||
| 650 | _aMONEY | ||
| 650 | 0 | _aKEYNESIAN ECONOMICS | |
| 650 | _aBUSINESS CYCLES | ||
| 995 |
_D0.00 _FCBU-MAIN LIBRARY (Kitwe) _H1 _I19.00 _M1 _UAVAILABLE _ZMain Library Open Access Collection |
||
| 999 |
_c48622 _d48622 |
||